Premier League Top Assists Throughout a Season - Statistics

General Stats
  • This quiz has been taken 249 times
  • The average score is 7 of 12
Answer Stats
Hint Answer % Correct
2009/2010 (14) Frank Lampard
85%
2008/2009 (10) Frank Lampard
85%
2004/2005 (16) Frank Lampard
85%
2013/2014 (13) Steven Gerrard
85%
2002/2003 (23) Thierry Henry
76%
2007/2008 (20) Cesc Fabregas
67%
2011/2012 (15) David Silva
63%
2006/2007 (14) Cristiano Ronaldo
53%
2005/2006 (11) Didier Drogba
41%
2012/2013 (12) Juan Mata
32%
2010/2011 (14) Nani
26%
2003/2004 (13) Muzzy Izzet
2%
No matching quizzes found
Score Distribution
Percent of People with Each Score
Percentile by Number Answered
Your Score History
You have not taken this quiz